| 000 | 00681nam a22001577a 4500 | ||
|---|---|---|---|
| 003 | OSt | ||
| 005 | 20160330091034.0 | ||
| 008 | 160330b xxu||||| |||| 00| 0 eng d | ||
| 040 | _cRUA | ||
| 082 | _aAGR NY 2012 B472 Or.1 | ||
| 100 |
_98229 _aNY ORTDAM; នី ឧត្ដម |
||
| 245 | _aEffect of plant spacing ang leave cutting of cassava with mixed cropping of cowpea; ឥទ្ធិពលនៃចន្លោះគុម្ភ និងការកាត់ស្លឹកដំឡូងមីជាមួយការដាំឆ្លាស់សណ្ដែកអង្គុយ | ||
| 260 |
_aPhnom Penh _bRUA _c2012 |
||
| 300 |
_axii;52p. _bill. _c29cm. |
||
| 942 |
_2ddc _cAGR |
||
| 999 |
_c7856 _d7856 |
||